Entry Nombre personal
001 - NÚMERO DE CONTROL
- campo de control: 240321
003 - IDENTIFICADOR DE NÚMERO DE CONTROL
- campo de control: SpMaBN
005 - FECHA Y HORA DE LA ÚLTIMA TRANSACCIÓN
- campo de control: 20250509192547.0
008 - ELEMENTOS DE DATO DE LONGITUD-FIJA
- campo de control de longitud fija: 961122n| aijnnaabn |n aaa
016 ## - NÚMERO DE CONTROL DE UNA AGENCIA BIBLIOGRÁFICA NACIONAL
- Número de control del registro: BNE19961775268
024 7# - IDENTIFICADOR DE OTROS ESTÁNDARES
- Número estándar o código: http://viaf.org/viaf/86940965/
- Fuente: viaf
040 ## - FUENTE DE CATALOGACIÓN
- Centro catalogador/agencia de origen: SpMaBN
- Lengua de catalogación: spa
- Centro/agencia transcriptor: SpMaBN
- Normas de descripción: rdc
- Convención/Normas de encabezamiento de materia/tesauro: embne
100 1# - ENCABEZAMIENTO-NOMBRE DE PERSONA
- Nombre de persona: Antona Casado, Jaime
375 ## - GÉNERO/SEXO
- Género: Masculino
670 ## - FUENTE DE DATOS ENCONTRADOS
- Cita de la fuente: Atención a las personas con diabetes mellitus, 2000
- Información encontrada: v. port. (Jaime Antona Casado)
